| 000 | 01790nam a2200397Ia 4500 | ||
|---|---|---|---|
| 001 | dia_7054 | ||
| 003 | CHAP | ||
| 005 | 20240514102114.0 | ||
| 007 | ta | ||
| 008 | 220117s2018 mx abdofr 001 0 spa d | ||
| 040 |
_cCHAP _amxchpua |
||
| 090 |
_aT.C.758 _bL67 SAI _c2018 |
||
| 245 | 1 | 0 |
_aSistema-producto café en la región el Soconusco en el estado de Chiapas / _ccoordinador Vicente López Bautista ; colaboradores Barbara Blancas Sánchez...[et al.] |
| 260 |
_aMéxico : _bEl autor, _c2018 |
||
| 300 |
_a61 hojas : _bilustraciones, mapas, gráficas, diagramas, tablas, fotos + _e1 CD-ROM |
||
| 336 |
_2rdacontent _atexto _btxt |
||
| 337 |
_2rdamedia _ano mediado _bn |
||
| 338 |
_2rdacarrier _avolumen _bnc |
||
| 500 | _a6° año Grupo 4 -- El CD contiene reporte -- Directorio: h. 60-61 | ||
| 502 |
_aViaje de Estudios _b(SAI) -- _cUACh. Departamento de Ingeniería Agroindustrial, _d2018 |
||
| 504 | _aBibliografía: hoja 57-58 | ||
| 505 |
_aEmpresas visitadas --
_t1. SAGARPA -- 2. FIRA -- 3. INIFAP -- 4. Junta Local de Sanidad Vegetal de Productores de Café del Soconusco -- 5. Finca Hamburgo -- 6. Cafés especialidad de Chiapas, S.A.P.I. de C.V. (CAFESCA) -- 7. Exportadora de café California |
||
| 650 | 1 | 3 |
_aCacao _9158545 _zMéxico _zChiapas |
| 650 | 1 | 3 |
_aCafé _9158546 _zMéxico _zChiapas |
| 650 | 1 | 3 |
_aCoffee _9158547 _zMexico _zChiapas |
| 700 | 1 |
_aLópez Bautista, Vicente _9147030 _ecoordinador |
|
| 700 | 1 |
_aBlancas Sánchez, Barbara _9162881 _ecolaboradora |
|
| 856 | 4 | 1 |
_uhttp://10.13.5.2/ve/TC758SAI/TC758SAI2018-REPORTE.pdf _yDESCARGAR REPORTE |
| 901 | _aT.C.758 L67 SAI 2018 | ||
| 902 | _aM | ||
| 905 | _a5232272018 mx dnml8223123322spa16 | ||
| 942 | _2local | ||
| 942 | _cVE | ||
| 999 |
_c178307 _d178307 |
||